00394nam a2200157Ia 450000100040000000500170000400800410002104100080006208200130007010000300008324500700011326000090018330000280019265000080022065400080022864920260306140533.0260306t2003||||xx |||||||||||||| ||spa|| aESP a128bY49 aYepes Stork, RicardoeAUT 0aFundamentos de antropología :bun ideal de la excelencia humana c2003 a375 páginas :c24 cm. aGEN aCHU